| 000 | 01296aaa a2200265 a 4500 | ||
|---|---|---|---|
| 003 | BLK | ||
| 005 | 20240325171501.0 | ||
| 007 | ta | ||
| 008 | 221104b bu |||||r|||| 00| | bu d | ||
| 040 | _aBLK | ||
| 041 |
_aBUL _cBUL |
||
| 080 |
_aАвстрийска литература _b821.112.2(436) _x.09(092) _z821.112.2(436).09(092) |
||
| 080 |
_aАвстрийски писател. Носител на Нобелова награда за литература _b929 Канети, Елиас _z929 Канети, Елиас |
||
| 245 | _aАвстрийският "Куриер" разказва за Русе на Елиас Канети | ||
| 300 | _a№ 201, 1 септ. 1994, с. 3. | ||
| 520 | _aОписание на забележителния град, родно място на нобелиста от авторката Мела Валдщайн | ||
| 600 | 0 |
_9367554 _aКанети, Елиас |
|
| 653 |
_9195878 _aрусенци |
||
| 653 |
_9180316 _aавстрийски писатели |
||
| 653 |
_9192360 _aнобелови лауреати |
||
| 773 | 0 |
_tУТРО _dПресгрупа Утро 1990 _w292727 _x1311-9397 _i. // |
|
| 856 |
_i0.00 _ldisable |
||
| 942 |
_2udc _cSTA _n0 |
||
| 944 |
_cХристина Везирева _k30535 _lХристина Везирева _a30535 |
||
| 999 |
_c507093 _d507093 |
||